LEADER 01260nam a2200301 u 4500 001 000000074140 003 CaOOAMICUS 005 20070226122428.0 008 021202s1999 it u000 u ita u 020 $a8802051399 035 $a10946740 040 $aPUL$bita 245 10$aCodice dei minori /$ca cura di Massimo Dogliotti, Alberto Figone, Francesca Mazza Galanti. 260 $aTorino :$bUTET,$c1999. 300 $alxv, 1843 p. ;$c21 cm 490 1 $aLe leggi commentate ;$v6 500 $aComprende indice. 650 4$aDiritto minorile.$0(OLS)http://pul/subject/17921 700 1 $aDogliotti, Massimo.$0(OLS)http://pul/name/29217 700 1 $aMazza Galanti, Francesca.$0(OLS)http://pul/name/49144 700 1 $aFigone, Alberto.$0(OLS)http://pul/name/49143 830 3$aLe leggi commentate (UTET) ;$v6.$0(OLS)http://pul/title/65517 850 $aPUL 852 $aPUL$W1$xDP2 Diritto e Scienze Sociali 2$y100$mUtrCiv D 3a.6$j95694$nBK-PRI$b $qStampati altre collocazioni$B95694$CPULBib$Z2$F95694 $H89052 $82 941 1 $a10 996 $6020$a8802051399$9(OLS)http://pul/number/95925 996 $6245$aCodice dei minori$9(OLS)http://pul/title/97422 996 $6260$aTorino :$bUTET$9(OLS)http://pul/publisher/48088 LEADER 01488nam a2200277 a 4500 001 000000162795 003 CaOOAMICUS 005 20170919163150.0 006 a 000 u 008 170919s1994 it m 001 u ger r 032 $aLibriCat 040 $aPUL$bita 100 1 $aFischer, Brigitte.$0(OLS)http://pul/name/104496 245 10$aNeue Dienste in der katholischen Kirche Taiwans : $bdie 'freiwilligen Laienapostel' im Rahmen der gesamtkirchlichen Frage nach Bedeutung und Aufgaben der Laien im Glaubensvollzug einer Ortskirche / $cBrigitte Maria Fischer. 260 $aRoma :$b[s.n.],$c1994. 300 $a102 p. ; $c25 cm. 502 $aEstratto di Tesi -- Pontificia Universitā Gregoriana. Facoltā di Missiologia. 1994. 504 $aBibliografia in nota a pič pagina. 650 04$aMissioni$zAsia.$0(OLS)http://pul/subject/25679 710 2 $aPontificia Universitā Gregoriana.$bFacoltā di missiologia.$kTesi.$0(OLS)http://pul/name/82191 850 $aPUL 852 $aPUL$W1$xDP1 Tesi Pon. Univ. Gregoriana$y40$mTH PUG 4068$j186769$qTesi$B190013$CPULBib$Z2$F190013 $H75061 $82 941 1 $a16 996 $6245$aNeue Dienste in der katholischen Kirche Taiwans : $bdie 'freiwilligen Laienapostel' im Rahmen der gesamtkirchlichen Frage nach Bedeutung und Aufgaben der Laien im Glaubensvollzug einer Ortskirche / $9(OLS)http://pul/title/202544 996 $6260$aRoma :$b[s.n.]$9(OLS)http://pul/publisher/47958